=LDR 00000nam 2200000 4500 =001 INLIS000000000053814 =005 20200724083332 =035 ##$$a 0010-0319000009 =007 ta =008 200724################g##########e#ind## =082 ##$$a 2x7.305 =084 ##$$a 2x7.305-Imp- i =245 ##$$a IMPREALISME =260 ##$$a Depok :$b AL-Insani,$c 2007 =300 ##$$a vii, 138 hlm : $b Ilus ; $c 14 x 21 cm =250 ##$$a No.1 Vol.3 =650 #4$$a Dunia Islam =990 ##$$a 21011831 =990 ##$$a 21011831